000
00222nam a2200097Ia 4500
008
230907s9999||||xx |||||||||||||| ||und||
082
_a
6.31
_b
GHA
245
0
_a
Machine learning with R /
300
_a
pages cm
942
_c
BK
999
_c
600448
_d
600448